|
|
|
|
| LEADER |
00000csc a2200000 a 4500 |
| 001 |
23659-4 |
| 005 |
20231219123931.0 |
| 008 |
994021|1992 ||||||||r|||||||||||spa|| |
| 020 |
|
|
|a 968251987X
|
| 040 |
|
|
|b spa
|
| 041 |
1 |
|
|a spa
|
| 082 |
0 |
|
|a 618
|
| 245 |
|
|
|a Dilemas éticos en obstetricia; Tratamiento de reposición de estrógenos
|c Roy M. Pitkin, James R. Scott, Frank A. Chervenak, Laurence B. McCullough y Kirtly Parker Jones traductores; traducción Félix García Roig
|h imp
|n 4/4
|
| 264 |
|
|
|a México
|b Interamericana; McGraw-Hill
|c 1992
|
| 300 |
|
|
|a IX, pp 673-890
|b ilu
|
| 300 |
|
|
|c 22x16 cm
|
| 310 |
|
|
|a Trimestral
|
| 504 |
|
|
|a incl. ref.
|
| 650 |
1 |
|
|a Obstetricia
|9 81569
|
| 650 |
1 |
7 |
|a Ética médica
|9 43621
|
| 650 |
1 |
|
|a Ginecologia
|
| 650 |
1 |
7 |
|a Estrógenos
|9 135206
|
| 700 |
1 |
|
|a Chervenak, Frank A
|e director
|9 110808
|
| 700 |
1 |
|
|a Pitkin, Roy M
|e director
|9 84586
|
| 700 |
1 |
|
|a Scott, James R
|e director
|9 269364
|
| 700 |
|
|
|a McCullough, Laurence B
|e director
|9 297181
|
| 700 |
|
|
|a Parker Jones, Kirtly
|e director
|9 297182
|
| 700 |
|
|
|a García Roig, Félix
|e traducción
|9 84429
|
| 773 |
|
|
|t Clínicas obstétricas y ginecológicas volumen 4/4 1992
|
| 852 |
|
|
|a UC-SALUD
|c ESTANTERIA ABIERTA
|f Compra
|k mariana.feican
|l 1
|m General
|p 19940217/20130102
|q S/.
|t 23659-4
|b 0
|d CDRS
|e CDRS
|g 618 ESTANTERIA ABIERTA
|z 1994-40-21
|
| 942 |
|
|
|
| 999 |
|
|
|c 128314
|d 128314
|